Ethnomusicology : historical and regional studies
Αποθηκεύτηκε σε:
| Άλλοι συγγραφείς: | |
|---|---|
| Μορφή: | Βιβλίο |
| Γλώσσα: | English |
| Δημοσίευση: |
New York :
W.W. Norton & Company,
1993
|
| Σειρά: | Norton/Grove handbooks in music
|
| Θέματα: | |
| Ετικέτες: |
Προσθήκη ετικέτας
Δεν υπάρχουν, Καταχωρήστε ετικέτα πρώτοι!
|
MARC
| LEADER | 00000cam a2200000 i 4500 | ||
|---|---|---|---|
| 001 | 1/19061 | ||
| 008 | 010329s1993 eng d | ||
| 020 | |a 0-393-03378-3 | ||
| 035 | |l 10066716 | ||
| 040 | |a GR-MY-UA |b gre |e aacr | ||
| 041 | 0 | |a eng | |
| 082 | 0 | |a 780.89 | |
| 245 | 1 | 0 | |a Ethnomusicology : |b historical and regional studies / |c Edited by Helen Myers |
| 260 | |a New York : |b W.W. Norton & Company, |c 1993 | ||
| 300 | |a 541 p. | ||
| 490 | 1 | |a Norton/Grove handbooks in music | |
| 504 | |a Includes bibliographical references and index | ||
| 650 | 0 | 0 | |a Ethnomusicology. |
| 700 | 1 | |a Myers, Helen, |d 1946- |4 edt | |
| 830 | 0 | |a Norton/Grove handbooks in music | |
| 852 | |a INST |b LESVOS |e 20010329 |h 780.89 ETH |p 005100029179 |q 005100029179 |t BK |y 0 | ||
| 901 | |a BIBL1-2001-1 | ||
| 909 | |a Λ |b 086991 | ||
| 970 | |a ΜΟΥΣΤΑΚΑ |b ΠΗΝΕΛΟΠΗ |z 2001/03/29 | ||